000 00284nam a22001337a 4500
008 170912b xxu||||| |||| 00| 0 eng d
020 _ax000s2tvul
041 _aeng
080 _a53
100 _a43
101 _aFIZ
245 _aUNIVERSITY PHYSICS
_cWOLFEN.R
942 _2udc
_cBK
999 _c27382
_d27382